Compelling visuality : the work of art in and out of history
Saved in:
| Other Authors: | , |
|---|---|
| Format: | Book |
| Language: | English |
| Published: |
Minneapolis :
University of Minnesota Press,
c2003
|
| Subjects: | |
| Tags: |
Add Tag
No Tags, Be the first to tag this record!
|
MARC
| LEADER | 00000nam a2200000 i 4500 | ||
|---|---|---|---|
| 001 | 1/81768 | ||
| 008 | 080411s2003 eng d | ||
| 020 | |a 0-8166-4116-1 | ||
| 035 | |l 10096526 | ||
| 040 | |a GR-MY-UA |b gre |e aacr | ||
| 041 | 0 | |a eng | |
| 082 | 0 | |a 701.18 |2 (22) | |
| 245 | 1 | 0 | |a Compelling visuality : |b the work of art in and out of history / |c Claire Farago and Robert Zwijnenberg , editors |
| 260 | |a Minneapolis : |b University of Minnesota Press, |c c2003 | ||
| 300 | |a xvi, 239 σ.; |b εικ.; |c 23 εκ. | ||
| 504 | |a Περιλαμβάνει βιβλιογραφίες | ||
| 650 | 0 | 0 | |a Art criticism. |
| 650 | 0 | 0 | |a Art and history. |
| 650 | 0 | 0 | |a Visual perception. |
| 700 | 1 | |a Farago, Claire J. |4 edt | |
| 700 | 1 | |a Zwijnenberg, Robert |d 1954- |4 edt | |
| 852 | |a INST |b SYROS |e 20080411 |h 701.18 COM |p 005500006138 |q 005500006138 |t BK |y 0 | ||
| 901 | |a BIBL5-2008-1 | ||
| 909 | |a Ε |b 151863 | ||
| 922 | |a 5ΕΛΗ |b 200803 |c ΕΠΕΑΕΚ2/ΤΜΣΠΣ |d ΕΛΕΥΘΕΡΟΥΔΑΚΗΣ | ||
| 970 | |a ΚΑΓΙΑΒΑ |b ΕΙΡΗΝΗ |z 2008/04/11 | ||